000 00742nam a22002417a 4500
999 _c19882
_d19882
003 AR-CdUCM
008 190523b ||||| |||| 00| 0 spa d
040 _aMUNICIPALIDAD PROVINCIAL DEL CUSCO
_cBIBLIOTECA MUNICIPAL DEL CUSCO
041 _heng
082 _a512.8 /
_bW82
100 _aWolf, Oswald
_941563
245 _aÁlgebra booleana :
_binstrucción programada /
260 _aBuenos Aires :
_bMarymar,
_c1973.
300 _a247 páginas ;
_bIlustraciones,
_c23 cm.
505 _aContenido: Álgebra.
650 _aÁlgebra
_919778
650 _aInstrucción
_929504
700 _aBuchholz, John
_941564
700 _aSpiech, John
_941565
700 _aShleuder, Henry
_941566
942 _2ddc
_cLIBROS
945 _adavv
_d2019-05-23